[Event "9. Forchheimer Sparkassen Open 2010"]
[Site "Forchheim"]
[Date "2010.10.03"]
[Round "4.7"]
[White "Riedel, Lutz"]
[Black "Schöne, Ralf"]
[Result "0-1"]
[WhiteElo "2139"]
[BlackElo "2319"]
[PlyCount "116"]
[EventDate "2010.??.??"]
[WhiteTeam "SK Krumbach"]
[BlackTeam "TSG Neuruppin"]

1. c4 {[%emt 0:00:00]} Nf6 {[%emt 0:00:01]} 2. Nc3 {[%emt 0:00:02]} g6 {
[%emt 0:00:03]} 3. g3 {[%emt 0:00:01]} Bg7 {[%emt 0:00:02]} 4. Bg2 {
[%emt 0:00:02]} d6 {[%emt 0:00:01]} 5. d4 {[%emt 0:00:01]} O-O {[%emt 0:00:02]}
6. Nf3 {[%emt 0:00:02]} Nc6 {[%emt 0:00:02]} 7. O-O {[%emt 0:00:02]} a6 {
[%emt 0:00:02]} 8. Bg5 {[%emt 0:00:02]} h6 {[%emt 0:00:01]} 9. Bd2 {
[%emt 0:00:04]} Rb8 {[%emt 0:00:04]} 10. e3 {[%emt 0:00:02]} e5 {[%emt 0:00:01]
} 11. Rc1 {[%emt 0:00:04]} Bg4 {[%emt 0:00:02]} 12. d5 {[%emt 0:00:02]} Ne7 {
[%emt 0:00:02]} 13. h3 {[%emt 0:00:02]} Bd7 {[%emt 0:00:01]} 14. e4 {
[%emt 0:00:02]} Ne8 {[%emt 0:00:02]} 15. Nh2 {[%emt 0:00:03]} f5 {
[%emt 0:00:01]} 16. exf5 {[%emt 0:00:04]} Nxf5 {[%emt 0:00:01]} 17. Ne4 {
[%emt 0:00:03]} Nf6 {[%emt 0:00:04]} 18. Ng4 {[%emt 0:00:07]} Nxe4 {
[%emt 0:00:02]} 19. Bxe4 {[%emt 0:00:02]} h5 {[%emt 0:00:02]} 20. Nh2 {
[%emt 0:00:02]} Qe8 {[%emt 0:00:01]} 21. Bg5 {[%emt 0:00:03]} Bf6 {
[%emt 0:00:02]} 22. Qd2 {[%emt 0:00:02]} Nd4 {[%emt 0:00:01]} 23. h4 {
[%emt 0:00:27]} Qf7 {[%emt 0:00:02]} 24. Be3 {[%emt 0:00:03]} Bf5 {
[%emt 0:00:03]} 25. Bg2 {[%emt 0:00:04]} Qd7 {[%emt 0:00:04]} 26. b3 {
[%emt 0:00:03]} c5 {[%emt 0:00:01]} 27. dxc6 {[%emt 0:00:02]} bxc6 {
[%emt 0:00:01]} 28. Nf3 {[%emt 0:00:03]} c5 {[%emt 0:00:01]} 29. Ng5 {
[%emt 0:00:02]} Bxg5 {[%emt 0:00:02]} 30. Bxg5 {[%emt 0:00:02]} Bh3 {
[%emt 0:00:01]} 31. Qd3 {[%emt 0:00:07]} Kg7 {[%emt 0:00:07]} 32. Qe3 {
[%emt 0:00:00]} Bxg2 {[%emt 0:00:02]} 33. Kxg2 {[%emt 0:00:01]} Rf3 {
[%emt 0:00:10]} 34. Qe4 {[%emt 0:00:04]} Qb7 {[%emt 0:00:02]} 35. Rce1 {
[%emt 0:00:00]} Qxe4 {[%emt 0:00:00]} 36. Rxe4 {[%emt 0:00:01]} Rc3 {
[%emt 0:00:02]} 37. Be7 {[%emt 0:00:03]} Nf5 {[%emt 0:00:01]} 38. Bxd6 {
[%emt 0:00:06]} Nxd6 {[%emt 0:00:01]} 39. Rxe5 {[%emt 0:00:01]} Rc2 {
[%emt 0:00:03]} 40. Rd1 {[%emt 0:00:03]} Nf5 {[%emt 0:00:02]} 41. Rd7+ {
[%emt 0:00:05]} Kf6 {[%emt 0:00:01]} 42. Rxc5 {[%emt 0:00:02]} Rb6 {
[%emt 0:00:02]} 43. a3 {[%emt 0:00:02]} Rc3 {[%emt 0:00:01]} 44. Ra5 {
[%emt 0:00:02]} Rcxb3 {[%emt 0:00:02]} 45. Ra7 {[%emt 0:00:02]} Rb2 {
[%emt 0:00:02]} 46. c5 {[%emt 0:00:02]} Re6 {[%emt 0:00:03]} 47. R7xa6 {
[%emt 0:00:06]} Ne3+ {[%emt 0:00:01]} 48. Kf3 {[%emt 0:00:02]} Ng4 {
[%emt 0:00:08]} 49. Rxe6+ {[%emt 0:00:02]} Kxe6 {[%emt 0:00:01]} 50. Kf4 {
[%emt 0:00:03]} Rxf2+ {[%emt 0:00:02]} 51. Kg5 {[%emt 0:00:02]} Ne5 {
[%emt 0:00:02]} 52. c6 {[%emt 0:00:02]} Rf6 {[%emt 0:00:02]} 53. Kh6 {
[%emt 0:00:03]} Nxc6 {[%emt 0:00:12]} 54. Rg5 {[%emt 0:00:03]} Ne5 {
[%emt 0:00:03]} 55. Kg7 {[%emt 0:00:02]} Rf7+ {[%emt 0:00:01]} 56. Kg8 {
[%emt 0:00:05]} Ra7 {[%emt 0:00:01]} 57. g4 {[%emt 0:00:04]} hxg4 {
[%emt 0:00:02]} 58. h5 {[%emt 0:00:01]} Kf6 {[%emt 0:00:02]} 0-1

[Event "9. Forchheimer Sparkassen Open 2010"]
[Site "Forchheim"]
[Date "2010.10.03"]
[Round "4.8"]
[White "Kempe, Frank"]
[Black "Nabavi, Parwis"]
[Result "0-1"]
[WhiteElo "2073"]
[BlackElo "2203"]
[PlyCount "74"]
[EventDate "2010.??.??"]
[WhiteTeam "Südlohner Schachverein 1956 e.V."]
[BlackTeam "SGEM Dreisamtal"]

1. e4 {[%emt 0:00:00]} e5 {[%emt 0:00:01]} 2. Bc4 {[%emt 0:00:02]} Nc6 {
[%emt 0:00:02]} 3. Nf3 {[%emt 0:00:02]} Bc5 {[%emt 0:00:01]} 4. c3 {
[%emt 0:00:01]} Nf6 {[%emt 0:00:01]} 5. b4 {[%emt 0:00:02]} Bb6 {[%emt 0:00:01]
} 6. d3 {[%emt 0:00:01]} d6 {[%emt 0:00:02]} 7. a4 {[%emt 0:00:02]} a5 {
[%emt 0:00:02]} 8. b5 {[%emt 0:00:03]} Ne7 {[%emt 0:00:01]} 9. Qb3 {
[%emt 0:00:02]} O-O {[%emt 0:00:02]} 10. Ba3 {[%emt 0:00:02]} Ng6 {
[%emt 0:00:03]} 11. O-O {[%emt 0:00:05]} Nh5 {[%emt 0:00:01]} 12. Nbd2 {
[%emt 0:00:04]} Qf6 {[%emt 0:00:02]} 13. Rae1 {[%emt 0:00:02]} Bg4 {
[%emt 0:00:02]} 14. d4 {[%emt 0:00:02]} exd4 {[%emt 0:00:03]} 15. e5 {
[%emt 0:00:01]} Nxe5 {[%emt 0:00:02]} 16. Nxe5 {[%emt 0:00:03]} dxe5 {
[%emt 0:00:02]} 17. Bxf8 {[%emt 0:00:02]} Rxf8 {[%emt 0:00:02]} 18. cxd4 {
[%emt 0:00:03]} exd4 {[%emt 0:00:02]} 19. Ne4 {[%emt 0:00:01]} Qg6 {
[%emt 0:00:02]} 20. Ng3 {[%emt 0:00:02]} Nf4 {[%emt 0:00:02]} 21. h3 {
[%emt 0:00:02]} Be6 {[%emt 0:00:01]} 22. Re4 {[%emt 0:00:03]} Qf6 {
[%emt 0:00:02]} 23. Qc2 {[%emt 0:00:02]} Rd8 {[%emt 0:00:02]} 24. Bxe6 {
[%emt 0:00:03]} fxe6 {[%emt 0:00:02]} 25. Qd2 {[%emt 0:00:02]} Rf8 {
[%emt 0:00:02]} 26. Rfe1 {[%emt 0:00:04]} d3 {[%emt 0:00:02]} 27. Kh2 {
[%emt 0:00:03]} Bc5 {[%emt 0:00:03]} 28. Rd1 {[%emt 0:00:04]} Bb4 {
[%emt 0:00:01]} 29. Qe3 {[%emt 0:00:02]} d2 {[%emt 0:00:01]} 30. Rxb4 {
[%emt 0:00:03]} axb4 {[%emt 0:00:05]} 31. Qxd2 {[%emt 0:00:01]} Nd5 {
[%emt 0:00:03]} 32. f3 {[%emt 0:00:02]} Ra8 {[%emt 0:00:02]} 33. Qc2 {
[%emt 0:00:02]} Ne3 {[%emt 0:00:02]} 34. Qxc7 {[%emt 0:00:02]} Nxd1 {
[%emt 0:00:03]} 35. Qxb7 {[%emt 0:00:02]} Rd8 {[%emt 0:00:03]} 36. Qc7 {
[%emt 0:00:02]} b3 {[%emt 0:00:01]} 37. Ne4 {[%emt 0:00:02]} Qf8 {
[%emt 0:00:01]} 0-1

[Event "9. Forchheimer Sparkassen Open 2010"]
[Site "Forchheim"]
[Date "2010.10.03"]
[Round "4.9"]
[White "Donchenko, Alexander"]
[Black "Steppuhn, Thomas"]
[Result "1-0"]
[WhiteElo "2204"]
[BlackElo "2025"]
[PlyCount "61"]
[EventDate "2010.??.??"]
[WhiteTeam "SK 1858 Gießen"]
[BlackTeam "SC Bavaria Regensb.1881"]

1. d4 {[%emt 0:00:00]} e6 {[%emt 0:00:01]} 2. c4 {[%emt 0:00:02]} b6 {
[%emt 0:00:04]} 3. g3 {[%emt 0:00:02]} Bb7 {[%emt 0:00:01]} 4. Nf3 {
[%emt 0:00:02]} Nf6 {[%emt 0:00:02]} 5. Bg2 {[%emt 0:00:02]} Be7 {
[%emt 0:00:02]} 6. O-O {[%emt 0:00:02]} O-O {[%emt 0:00:03]} 7. Nc3 {
[%emt 0:00:02]} d6 {[%emt 0:00:01]} 8. Qc2 {[%emt 0:00:02]} Nbd7 {
[%emt 0:00:02]} 9. e4 {[%emt 0:00:02]} e5 {[%emt 0:00:01]} 10. Rd1 {
[%emt 0:00:02]} exd4 {[%emt 0:00:02]} 11. Nxd4 {[%emt 0:00:02]} Ne5 {
[%emt 0:00:02]} 12. b3 {[%emt 0:00:02]} Nfd7 {[%emt 0:00:03]} 13. Bb2 {
[%emt 0:00:02]} Re8 {[%emt 0:00:01]} 14. Nd5 {[%emt 0:00:03]} Bxd5 {
[%emt 0:00:02]} 15. cxd5 {[%emt 0:00:02]} a5 {[%emt 0:00:02]} 16. a3 {
[%emt 0:00:02]} Bf6 {[%emt 0:00:03]} 17. Bh3 {[%emt 0:00:05]} Nb8 {
[%emt 0:00:02]} 18. Rac1 {[%emt 0:00:02]} Ned7 {[%emt 0:00:04]} 19. f3 {
[%emt 0:00:03]} Bxd4+ {[%emt 0:00:02]} 20. Bxd4 {[%emt 0:00:01]} Na6 {
[%emt 0:00:02]} 21. Qc3 {[%emt 0:00:04]} f6 {[%emt 0:00:04]} 22. Bf1 {
[%emt 0:00:02]} Ndb8 {[%emt 0:00:02]} 23. Re1 {[%emt 0:00:02]} Qd7 {
[%emt 0:00:02]} 24. b4 {[%emt 0:00:02]} axb4 {[%emt 0:00:02]} 25. axb4 {
[%emt 0:00:02]} Kf8 {[%emt 0:00:01]} 26. Ra1 {[%emt 0:00:02]} c5 {
[%emt 0:00:03]} 27. dxc6 {[%emt 0:00:02]} Qxc6 {[%emt 0:00:02]} 28. Rec1 {
[%emt 0:00:04]} Rc8 {[%emt 0:00:03]} 29. Qa3 {[%emt 0:00:08]} Qb7 {
[%emt 0:00:02]} 30. Rxc8+ {[%emt 0:00:02]} Qxc8 {[%emt 0:00:02]} 31. b5 {
[%emt 0:00:01]} 1-0

[Event "9. Forchheimer Sparkassen Open 2010"]
[Site "Forchheim"]
[Date "2010.10.03"]
[Round "4.10"]
[White "Heimrath, Reiner"]
[Black "Kvetny, Mark"]
[Result "1/2-1/2"]
[WhiteElo "2231"]
[BlackElo "1984"]
[PlyCount "198"]
[EventDate "2010.??.??"]
[WhiteTeam "SC Noris-Tarrasch Nürnberg 1873"]
[BlackTeam "SV Altbach e.V."]

1. e4 {[%emt 0:00:00]} c5 {[%emt 0:00:10]} 2. Nc3 {[%emt 0:00:02]} d6 {
[%emt 0:00:01]} 3. d3 {[%emt 0:00:02]} Nc6 {[%emt 0:00:01]} 4. Be3 {
[%emt 0:00:04]} g6 {[%emt 0:00:02]} 5. d4 {[%emt 0:00:06]} cxd4 {[%emt 0:00:01]
} 6. Bxd4 {[%emt 0:00:02]} e5 {[%emt 0:00:05]} 7. Be3 {[%emt 0:00:04]} Nf6 {
[%emt 0:00:10]} 8. f3 {[%emt 0:00:02]} Be6 {[%emt 0:00:04]} 9. Qd2 {
[%emt 0:00:03]} d5 {[%emt 0:00:02]} 10. exd5 {[%emt 0:00:03]} Nxd5 {
[%emt 0:00:02]} 11. Nxd5 {[%emt 0:00:03]} Qxd5 {[%emt 0:00:03]} 12. Qxd5 {
[%emt 0:00:01]} Bxd5 {[%emt 0:00:01]} 13. Bb5 {[%emt 0:00:03]} Bb4+ {
[%emt 0:00:03]} 14. c3 {[%emt 0:00:01]} Be7 {[%emt 0:00:02]} 15. Ne2 {
[%emt 0:00:05]} O-O {[%emt 0:00:01]} 16. c4 {[%emt 0:00:03]} Be6 {
[%emt 0:00:01]} 17. Bxc6 {[%emt 0:00:03]} bxc6 {[%emt 0:00:04]} 18. b3 {
[%emt 0:00:01]} a5 {[%emt 0:00:13]} 19. c5 {[%emt 0:00:02]} Rfd8 {
[%emt 0:00:07]} 20. Kf2 {[%emt 0:00:04]} a4 {[%emt 0:00:02]} 21. b4 {
[%emt 0:00:05]} a3 {[%emt 0:00:02]} 22. Nc3 {[%emt 0:00:03]} Rd3 {
[%emt 0:00:01]} 23. Rhc1 {[%emt 0:00:03]} e4 {[%emt 0:00:02]} 24. Nxe4 {
[%emt 0:00:04]} f5 {[%emt 0:00:02]} 25. Bg5 {[%emt 0:00:02]} fxe4 {
[%emt 0:00:02]} 26. Bxe7 {[%emt 0:00:02]} exf3 {[%emt 0:00:02]} 27. b5 {
[%emt 0:00:04]} cxb5 {[%emt 0:00:04]} 28. c6 {[%emt 0:00:01]} Rc8 {
[%emt 0:00:02]} 29. c7 {[%emt 0:00:02]} Bc4 {[%emt 0:00:01]} 30. Bd8 {
[%emt 0:00:03]} Rcxd8 {[%emt 0:00:07]} 31. cxd8=Q+ {[%emt 0:00:04]} Rxd8 {
[%emt 0:00:02]} 32. gxf3 {[%emt 0:00:08]} Rd2+ {[%emt 0:00:01]} 33. Ke3 {
[%emt 0:00:03]} Rxh2 {[%emt 0:00:16]} 34. Rc3 {[%emt 0:00:02]} Rxa2 {
[%emt 0:00:03]} 35. Rxa2 {[%emt 0:00:02]} Bxa2 {[%emt 0:00:01]} 36. Rxa3 {
[%emt 0:00:02]} Bf7 {[%emt 0:00:02]} 37. Ra8+ {[%emt 0:00:03]} Kg7 {
[%emt 0:00:02]} 38. Rb8 {[%emt 0:00:02]} Bc4 {[%emt 0:00:02]} 39. Rb7+ {
[%emt 0:00:24]} Kf6 {[%emt 0:00:03]} 40. Rxh7 {[%emt 0:00:03]} Bf7 {
[%emt 0:00:03]} 41. Rh4 {[%emt 0:00:03]} Bd5 {[%emt 0:00:00]} 42. Rb4 {
[%emt 0:00:03]} Bc4 {[%emt 0:00:02]} 43. Ke4 {[%emt 0:00:01]} Ke6 {
[%emt 0:00:02]} 44. Rb1 {[%emt 0:00:02]} Bd5+ {[%emt 0:00:05]} 45. Kf4 {
[%emt 0:00:02]} Bc4 {[%emt 0:00:02]} 46. Kg5 {[%emt 0:00:02]} Ke5 {
[%emt 0:00:01]} 47. Rd1 {[%emt 0:00:03]} b4 {[%emt 0:00:02]} 48. Kxg6 {
[%emt 0:00:02]} Bb3 {[%emt 0:00:03]} 49. Rd8 {[%emt 0:00:03]} Kf4 {
[%emt 0:00:02]} 50. Rf8+ {[%emt 0:00:02]} Ke3 {[%emt 0:00:06]} 51. f4 {
[%emt 0:00:02]} Bc2+ {[%emt 0:00:02]} 52. Kg5 {[%emt 0:00:02]} b3 {
[%emt 0:00:03]} 53. Rb8 {[%emt 0:00:07]} Kd2 {[%emt 0:00:03]} 54. f5 {
[%emt 0:00:02]} Bxf5 {[%emt 0:00:04]} 55. Rxb3 {[%emt 0:00:02]} Be6 {
[%emt 0:00:02]} 56. Rg3 {[%emt 0:00:05]} Bd5 {[%emt 0:00:03]} 57. Kf4 {
[%emt 0:00:04]} Bc6 {[%emt 0:00:02]} 58. Ke5 {[%emt 0:00:02]} Ke2 {
[%emt 0:00:02]} 59. Rc3 {[%emt 0:00:02]} Ba8 {[%emt 0:00:02]} 60. Kd4 {
[%emt 0:00:02]} Bb7 {[%emt 0:00:02]} 61. Rc2+ {[%emt 0:00:23]} Kf3 {
[%emt 0:00:02]} 62. Rb2 {[%emt 0:00:02]} Ba8 {[%emt 0:00:01]} 63. Rb6 {
[%emt 0:00:02]} Ke2 {[%emt 0:00:04]} 64. Re6+ {[%emt 0:00:02]} Kf3 {
[%emt 0:00:04]} 65. Rf6+ {[%emt 0:00:05]} Kg4 {[%emt 0:00:02]} 66. Ke3 {
[%emt 0:00:01]} Kg5 {[%emt 0:00:02]} 67. Rb6 {[%emt 0:00:02]} Bh1 {
[%emt 0:00:03]} 68. Rb8 {[%emt 0:00:03]} Kf5 {[%emt 0:00:03]} 69. Rb5+ {
[%emt 0:00:04]} Ke6 {[%emt 0:00:02]} 70. Kf4 {[%emt 0:00:02]} Bg2 {
[%emt 0:00:04]} 71. Rg5 {[%emt 0:00:02]} Ba8 {[%emt 0:00:05]} 72. Rg6+ {
[%emt 0:00:03]} Kd5 {[%emt 0:00:02]} 73. Ra6 {[%emt 0:00:04]} Bb7 {
[%emt 0:00:02]} 74. Ra7 {[%emt 0:00:02]} Bc6 {[%emt 0:00:01]} 75. Ra5+ {
[%emt 0:00:01]} Kc4 {[%emt 0:00:03]} 76. Ra1 {[%emt 0:00:02]} Bb7 {
[%emt 0:00:03]} 77. Ke3 {[%emt 0:00:02]} Bg2 {[%emt 0:00:02]} 78. Rc1+ {
[%emt 0:00:02]} Kd5 {[%emt 0:00:02]} 79. Rg1 {[%emt 0:00:02]} Bh3 {
[%emt 0:00:02]} 80. Rg5+ {[%emt 0:00:03]} Kc4 {[%emt 0:00:02]} 81. Rg7 {
[%emt 0:00:02]} Kd5 {[%emt 0:00:02]} 82. Rh7 {[%emt 0:00:02]} Bc8 {
[%emt 0:00:02]} 83. Ra7 {[%emt 0:00:03]} Bh3 {[%emt 0:00:03]} 84. Ra5+ {
[%emt 0:00:03]} Kd6 {[%emt 0:00:02]} 85. Kd4 {[%emt 0:00:02]} Ke6 {
[%emt 0:00:02]} 86. Rg5 {[%emt 0:00:02]} Bf1 {[%emt 0:00:03]} 87. Ke4 {
[%emt 0:00:02]} Kd6 {[%emt 0:00:02]} 88. Rd5+ {[%emt 0:00:02]} Ke6 {
[%emt 0:00:02]} 89. Rd2 {[%emt 0:00:02]} Bb5 {[%emt 0:00:03]} 90. Rc2 {
[%emt 0:00:02]} Kd6 {[%emt 0:00:02]} 91. Kd4 {[%emt 0:00:02]} Ke6 {
[%emt 0:00:02]} 92. Rc5 {[%emt 0:00:04]} Bf1 {[%emt 0:00:02]} 93. Re5+ {
[%emt 0:00:02]} Kd6 {[%emt 0:00:01]} 94. Rf5 {[%emt 0:00:02]} Bg2 {
[%emt 0:00:01]} 95. Rf6+ {[%emt 0:00:01]} Ke7 {[%emt 0:00:02]} 96. Rf2 {
[%emt 0:00:03]} Ba8 {[%emt 0:00:02]} 97. Ra2 {[%emt 0:00:04]} Bh1 {
[%emt 0:00:03]} 98. Ke5 {[%emt 0:00:03]} Kd7 {[%emt 0:00:02]} 99. Ra6 {
[%emt 0:00:02]} Bg2 {[%emt 0:00:02]} 1/2-1/2

[Event "9. Forchheimer Sparkassen Open 2010"]
[Site "Forchheim"]
[Date "2010.10.03"]
[Round "4.12"]
[White "Winand, Edgar"]
[Black "Wagner, Dennis"]
[Result "0-1"]
[WhiteElo "1976"]
[BlackElo "2166"]
[PlyCount "62"]
[EventDate "2010.??.??"]
[WhiteTeam "SC Königliche Trakehner Oberurse"]
[BlackTeam "Kasseler SK 1876"]

1. Nf3 c5 2. e3 Nf6 3. d4 e6 4. Bd3 b6 5. Qe2 Bb7 6. Nbd2 Be7 7. O-O O-O 8. b3
Nc6 9. a3 Rc8 10. Bb2 d5 11. Rad1 Qc7 12. Ne5 Nd7 13. f4 f5 14. g4 Ncxe5 15.
fxe5 g6 16. c4 cxd4 17. exd4 Nxe5 18. gxf5 Nxd3 19. Qxe6+ Kg7 20. fxg6 hxg6 21.
cxd5 Nxb2 22. Rde1 Bf6 23. Re4 Rce8 24. Qg4 Bxd5 25. Ref4 Nd3 26. Rf5 Be6 27.
Nc4 Bxf5 28. Rxf5 b5 29. Nd2 Qc1+ 30. Nf1 Be5 31. Rxf8 Rxf8 0-1

[Event "9. Forchheimer Sparkassen Open 2010"]
[Site "Forchheim"]
[Date "2010.10.03"]
[Round "4.14"]
[White "Singer, Christoph"]
[Black "Bielmeier, Ludwig"]
[Result "1-0"]
[WhiteElo "2369"]
[BlackElo "2157"]
[PlyCount "85"]
[EventDate "2010.??.??"]
[WhiteTeam "SC Tarrasch 45 München"]
[BlackTeam "SV Deggendorf"]

1. e4 e5 2. Nf3 d6 3. d4 Qe7 4. Nc3 c6 5. g3 g6 6. Bg2 Bg7 7. h3 Nf6 8. O-O O-O
9. a4 Rd8 10. Re1 a5 11. Bg5 h6 12. Be3 Nbd7 13. Qd2 Kh7 14. Rad1 Re8 15. d5
Bf8 16. Qd3 Nh5 17. Qc4 c5 18. Nb5 Nb8 19. Nd2 Na6 20. Qe2 Bd7 21. Nc4 Bxb5 22.
axb5 Nb8 23. Ra1 Qd8 24. Qd2 b6 25. b4 a4 26. Ra3 Nd7 27. bxc5 bxc5 28. Rea1
Rb8 29. Rb1 Nb6 30. Nxb6 Rxb6 31. Rxa4 Qd7 32. c4 Reb8 33. Rba1 f5 34. Ra7 R6b7
35. Rxb7 Rxb7 36. exf5 gxf5 37. Ra8 Bg7 38. Qe2 Nf6 39. Qc2 Ne8 40. g4 Nc7 41.
Ra3 e4 42. gxf5 Be5 43. Qxe4 1-0

[Event "9. Forchheimer Sparkassen Open 2010"]
[Site "Forchheim"]
[Date "2010.10.03"]
[Round "4.15"]
[White "Löw, Gerald"]
[Black "Willim, Michael"]
[Result "1-0"]
[WhiteElo "2263"]
[BlackElo "2134"]
[PlyCount "85"]
[EventDate "2010.??.??"]
[WhiteTeam "TSV Bindlach Aktionär-Schachabte"]
[BlackTeam "SC Erlangen 48/88"]

1. c4 b6 2. Nc3 c5 3. e4 Bb7 4. g3 g6 5. Nge2 Bg7 6. d4 cxd4 7. Nxd4 Nc6 8. Be3
Rc8 9. b3 h5 10. h3 Qc7 11. Qd2 Qb8 12. Bg2 Qa8 13. O-O Nf6 14. Rae1 d6 15. Nd5
Nd7 16. Nb5 Qb8 17. Rd1 a6 18. Nbc3 Ba8 19. Na4 b5 20. Nab6 Nxb6 21. Nxb6 Rc7
22. Nxa8 Qxa8 23. cxb5 axb5 24. e5 Bxe5 25. Rc1 b4 26. Rxc6 Rxc6 27. Qd5 Kd7
28. Qxf7 Qxa2 29. Bxc6+ Kxc6 30. Qc4+ Kd7 31. Qxb4 Rc8 32. Qb5+ Ke6 33. Re1 Rc2
34. Qe8 h4 35. Qxg6+ Kd7 36. Qg4+ Kc7 37. Qxh4 Qxb3 38. Qxe7+ Kc6 39. h4 Qd5
40. Rb1 Bb2 41. Qa7 Qb5 42. h5 Qe2 43. h6 1-0

[Event "9. Forchheimer Sparkassen Open 2010"]
[Site "Forchheim"]
[Date "2010.10.03"]
[Round "4.17"]
[White "Schroeder, Jan-Christian"]
[Black "Andraschko, Felix"]
[Result "1-0"]
[WhiteElo "2108"]
[BlackElo "2068"]
[PlyCount "109"]
[EventDate "2010.??.??"]
[WhiteTeam "SV 1920 Hofheim"]
[BlackTeam "SC Leinfelden"]

1. e4 c5 2. Nf3 Nc6 3. d4 cxd4 4. Nxd4 Nf6 5. Nc3 d6 6. Bg5 Bd7 7. Qd2 Rc8 8.
f3 Nxd4 9. Qxd4 Qa5 10. Be3 a6 11. O-O-O b5 12. Kb1 g6 13. Nd5 Nxd5 14. exd5
Rg8 15. Qh4 h5 16. Bd3 b4 17. Rhe1 Bb5 18. Bg5 Rc7 19. Re2 Bxd3 20. Rxd3 Qc5
21. Rd1 Kd8 22. Qe4 Kc8 23. Qd3 Kb7 24. Re4 f5 25. Re6 Qc4 26. h4 Qxd3 27. Rxd3
Kb6 28. Kc1 Rc4 29. g3 Kc7 30. Bxe7 Bxe7 31. Rxe7+ Kb6 32. b3 Rcc8 33. Re6 Kc5
34. Kd2 Rce8 35. c3 bxc3+ 36. Kxc3 a5 37. Rde3 Rd8 38. Rd3 Rde8 39. a3 Rxe6 40.
dxe6 d5 41. e7 d4+ 42. Rxd4 Re8 43. b4+ axb4+ 44. axb4+ Kc6 45. Kc4 Rxe7 46.
b5+ Kc7 47. g4 fxg4 48. fxg4 hxg4 49. Rxg4 Rh7 50. Kd5 Rh5+ 51. Ke6 Rxb5 52.
Rxg6 Rh5 53. Rg4 Kd8 54. Kf7 Kd7 55. Rd4+ 1-0

[Event "9. Forchheimer Sparkassen Open 2010"]
[Site "Forchheim"]
[Date "2010.10.03"]
[Round "4.18"]
[White "Werner, Thomas"]
[Black "Pogan, Nikolas"]
[Result "0-1"]
[WhiteElo "2004"]
[BlackElo "2150"]
[PlyCount "60"]
[EventDate "2010.??.??"]
[WhiteTeam "SW Nürnberg Süd e.V."]
[BlackTeam "SAbt TSV Willsbach"]

1. d4 Nf6 2. c4 e6 3. Nf3 b6 4. g3 Ba6 5. Qc2 Bb4+ 6. Nbd2 O-O 7. Bg2 Bb7 8.
O-O c5 9. a3 Bxd2 10. Bxd2 Be4 11. Qc3 d6 12. dxc5 bxc5 13. Bg5 Nbd7 14. Nd2
Bxg2 15. Kxg2 Qb6 16. b4 a5 17. b5 a4 18. e4 d5 19. Bxf6 Nxf6 20. exd5 exd5 21.
Rfc1 d4 22. Qf3 Rae8 23. Re1 Qa5 24. Ne4 Nxe4 25. Rxe4 Rxe4 26. Qxe4 Qc3 27.
Rb1 Qxc4 28. b6 Qe6 29. Qf4 Qd5+ 30. f3 Qa2+ 0-1

[Event "9. Forchheimer Sparkassen Open 2010"]
[Site "Forchheim"]
[Date "2010.10.03"]
[Round "4.19"]
[White "Krockenberger, Martin"]
[Black "Klein, Gernot"]
[Result "1/2-1/2"]
[WhiteElo "2187"]
[BlackElo "1930"]
[PlyCount "38"]
[EventDate "2010.??.??"]
[WhiteTeam "SK Schmiden/Cannstatt"]
[BlackTeam "Post-Telekom SV 1925 Aachen e.V."]

1. c4 e6 2. Nf3 d5 3. d4 c6 4. Qc2 dxc4 5. Qxc4 b5 6. Qd3 Bb7 7. e3 Nd7 8. Be2
Ngf6 9. O-O a6 10. Nbd2 c5 11. b3 cxd4 12. Qxd4 Nc5 13. Bb2 Qxd4 14. Nxd4 Be7
15. Rac1 Rc8 16. Rc2 O-O 17. Ba3 Nd5 18. Ra1 Nd7 19. Bxe7 Nxe7 1/2-1/2

[Event "9. Forchheimer Sparkassen Open 2010"]
[Site "Forchheim"]
[Date "2010.10.03"]
[Round "4.20"]
[White "Schweizer, Manfred"]
[Black "Meyer, Stefan"]
[Result "0-1"]
[WhiteElo "2091"]
[BlackElo "2168"]
[PlyCount "98"]
[EventDate "2010.??.??"]
[WhiteTeam "Post-SV Memmingen e.V."]
[BlackTeam "SAbt TuS Dotzheim"]

1. Nf3 e6 2. d3 d5 3. g3 Nf6 4. Bg2 b6 5. O-O Bb7 6. Nc3 Bb4 7. e4 Bxc3 8. bxc3
dxe4 9. Ng5 h6 10. Nxe4 Nxe4 11. dxe4 Qxd1 12. Rxd1 Nd7 13. a4 a5 14. Bf4 O-O-O
15. f3 Nc5 16. Rd4 Rd7 17. Bh3 Rhd8 18. Be5 f6 19. Rxd7 Kxd7 20. Bd4 Na6 21.
Kf2 Ke7 22. Bf1 Nb8 23. Be3 g5 24. h3 h5 25. Bd3 Nd7 26. Be2 Rg8 27. g4 hxg4
28. hxg4 Rh8 29. Kg3 Ne5 30. Bd4 Ng6 31. Be3 e5 32. Bb5 Nf4 33. Bxf4 gxf4+ 34.
Kg2 Rd8 35. Bd3 Bc6 36. Kf2 Rh8 37. Kg2 Kd6 38. Bc4 Kc5 39. Bb3 Rd8 40. Kh3
Rh8+ 41. Kg2 Rd8 42. Kg1 Rd2 43. Re1 Bb7 44. Rf1 Ba6 45. Rc1 Be2 46. Kf2 Bc4+
47. Kg1 c6 48. Rb1 b5 49. Ra1 b4 0-1

[Event "9. Forchheimer Sparkassen Open 2010"]
[Site "Forchheim"]
[Date "2010.10.03"]
[Round "4.21"]
[White "Martin Fernandez, Rodrigo"]
[Black "Feldheim, Jonas"]
[Result "1/2-1/2"]
[WhiteElo "2169"]
[BlackElo "1900"]
[PlyCount "96"]
[EventDate "2010.??.??"]
[WhiteTeam "SC Erlangen 48/88"]
[BlackTeam "SC Ansbach 1855 e.V."]

1. d4 d5 2. c4 e6 3. Nc3 c5 4. e3 Nf6 5. Nf3 a6 6. a3 dxc4 7. Bxc4 b5 8. Be2
Bb7 9. O-O Nbd7 10. Bd2 Qb6 11. Rc1 Rc8 12. Re1 Be7 13. dxc5 Nxc5 14. b4 Nce4
15. Nxe4 Nxe4 16. Rxc8+ Bxc8 17. Qc2 Bb7 18. Bc1 h6 19. Bb2 O-O 20. Bd4 Qc6 21.
Qb2 Bf6 22. Bxf6 Nxf6 23. Rc1 Qb6 24. h3 Rc8 25. Rxc8+ Bxc8 26. Qe5 Qc6 27. Nd4
Qc1+ 28. Kh2 Qxa3 29. Nc6 Bd7 30. Ne7+ Kh7 31. Qd4 e5 32. Qxe5 Qxb4 33. Bd3+
Kh8 34. Nd5 Qc5 35. Qb8+ Ne8 36. Nb6 Bc6 37. Be4 f5 38. Bf3 Bxf3 39. Qxe8+ Kh7
40. Nd7 Qd6+ 41. Kg1 Bc6 42. Nf8+ Kg8 43. Qc8 Qxf8 44. Qxc6 Qf6 45. Qb7 Kh7 46.
h4 Qe5 47. Qxa6 b4 48. Qb6 Qe4 1/2-1/2

[Event "9. Forchheimer Sparkassen Open 2010"]
[Site "Forchheim"]
[Date "2010.10.03"]
[Round "4.22"]
[White "Wohlfahrt, Frank"]
[Black "Osmanovic, Faruk"]
[Result "0-1"]
[WhiteElo "2023"]
[BlackElo "2118"]
[PlyCount "120"]
[EventDate "2010.??.??"]
[WhiteTeam "SGem Siemens Erlangen e.V."]
[BlackTeam "SC Blau.Turm Bad Wimpfen"]

1. Nf3 e6 2. c4 d5 3. d4 Be7 4. Bf4 Nf6 5. e3 Nh5 6. Nc3 Nxf4 7. exf4 O-O 8.
Bd3 dxc4 9. Bxc4 Nc6 10. O-O Bf6 11. Ne2 Qd6 12. Bd3 Rd8 13. Ng5 Bxg5 14. fxg5
g6 15. Ng3 Qxd4 16. Be4 Qxb2 17. Qg4 Rd4 18. Qf3 Rd6 19. Rfe1 Bd7 20. Rab1 Qd2
21. h4 Ne5 22. Qb3 Rb6 23. Qa3 Qd6 24. Qc3 Rxb1 25. Rxb1 Rb8 26. f4 Ng4 27. Bf3
Qxf4 28. Bxg4 Qxg4 29. Qxc7 Qd4+ 30. Kh1 Qxh4+ 31. Kg1 Qd4+ 32. Kh1 Rc8 33.
Qxb7 Qh4+ 34. Kg1 Rd8 35. Ne4 Be8 36. Rf1 Kf8 37. Qb4+ Kg7 38. Qc3+ Kg8 39.
Nf6+ Kf8 40. Qc5+ Kg7 41. Nxe8+ Rxe8 42. Qxa7 Rf8 43. Qc5 Qe4 44. a3 e5 45. Rd1
Re8 46. Qc3 Qg4 47. Qd2 Rc8 48. Rb1 Qd4+ 49. Qxd4 exd4 50. Rb4 Rd8 51. Kf2 Rd5
52. a4 d3 53. Ke1 Rxg5 54. g4 Rd5 55. Kd2 h6 56. Rf4 g5 57. Rf5 Rd4 58. a5 Rxg4
59. Kxd3 Kg6 60. Rc5 Ra4 0-1